Normal view
MARC view
- Syed Abdul Aleem Shah | Hussain Abid | Muhammad Nouman Ahmad
Entry Personal Name
001 - CONTROL NUMBER
- control field: 5594
003 - CONTROL NUMBER IDENTIFIER
- control field: NUST
005 - DATE AND TIME OF LATEST TRANSACTION
- control field: 20171024125118.0
008 - FIXED-LENGTH DATA ELEMENTS
- fixed length control field: 171024|| aca||aabn | a|a d
040 ## - CATALOGING SOURCE
- Original cataloging agency: NUST
- Transcribing agency: NUST
100 ## - HEADING--PERSONAL NAME
- Personal name: Syed Abdul Aleem Shah | Hussain Abid | Muhammad Nouman Ahmad
670 ## - SOURCE DATA FOUND
- Source citation: Work cat.: (NUST): Syed Abdul Aleem Shah | Hussain Abid | Muhammad Nouman Ahmad, SafeRoads: A non-intrusive mobile vision based framework for ensuring road safety & driving behavior Monitoring system, 2017
